AH International Schools' Libraries

Practitioner research in Education: (Record no. 48938)

MARC details
000 -LEADER
fixed length control field 00466nam a2200133 4500
020 ## - INTERNATIONAL STANDARD BOOK NUMBER
International Standard Book Number 1853963925
100 ## - MAIN ENTRY--PERSONAL NAME
Personal name Middlewood, David.
9 (RLIN) 86315
245 ## - TITLE STATEMENT
Title Practitioner research in Education:
Remainder of title making a difference /
Statement of responsibility, etc David Middlewood.
260 ## - PUBLICATION, DISTRIBUTION, ETC. (IMPRINT)
Place of publication, distribution, etc London:
Name of publisher, distributor, etc Paul Chapman Publishing Ltd.;
Date of publication, distribution, etc 2005.
300 ## - PHYSICAL DESCRIPTION
Extent 179 p.
Dimensions 23 cm.
650 ## - SUBJECT ADDED ENTRY--TOPICAL TERM
Topical term or geographic name as entry element Social science. Theory and practice of education.
9 (RLIN) 86323
700 ## - ADDED ENTRY--PERSONAL NAME
Personal name Mariane Coleman. Jacky Lumby.
9 (RLIN) 86324
942 ## - ADDED ENTRY ELEMENTS (KOHA)
Source of classification or shelving scheme
Koha item type Teacher's Resources
Holdings
Withdrawn status Lost status Source of classification or shelving scheme Damaged status Not for loan Collection code Home library Current library Shelving location Date acquired Full call number Barcode Date last seen Price effective from Koha item type
          TEACHERS' RESOURCES Asian Hope Secondary Library Asian Hope Secondary Library SECONDARY 05/21/2025 370.72 MID 208321 05/21/2025 05/21/2025 Teacher's Resources

For any Logos Library related questions please contact Miss Art at swongnarasuk@asianhope.org.

For any Asian Hope Library related questions please contact Miss Raza at graza@asianhope.org.

Click here to explore our ebooks!

Powered by Koha